000 00733nam a22002417a 4500
005 20250328121413.0
008 250328b |||||||| |||| 00| 0 eng d
020 _a978-1-03-248408-2 (pbk)
037 _cTB
040 _aCRL
_cCRL
041 _2eng
_aeng
084 _aY:1 N4;R4
_qCRL
100 _aStorey, John
245 _aCultural theory and poplar culture:
_bAn introduction
250 _a10th Ed.
260 _aLondon, UK:
_bRoutledge,
_c2024
300 _axvii, 309p.
365 _b39.99
_cUKP
650 _aCulture
650 _aSociology
942 _2CC
_cTB
_hY:1 N4;R4
_n0
_e10th Ed.
999 _c1308254
_d1308254